=LDR 00000nam 2200000 4500 =001 INLIS000000000009627 =005 20130612101419 =008 ***********************************Ind** =035 ##$$0010-061300000009627 =041 ##$$a Ind =082 ##$$a 638.572 6 =090 ##$$a 638.572 6, Pai s =100 ##$$a Paimin, Farry =245 ##$$a Sukses Beternak Jangkrik, Ir.farry B.Paimin =260 ##$$a [19...?] $b Jakarta =300 ##$$a viii, 80 hlm, 21 cm =650 ##$$a Jangkrik =850 ##$$a NBPNMAT